Rekordy w NBA - Statystyki

Ogólne statystyki
  • Ten quiz został rozwiązany 55 razy
  • Średni wynik to 7 z 12
Statystyki odpowiedzi
Zagadnienie Odpowiedź % Poprawnych
Najwięcej punktów w meczu - 100 Wilt Chamberlain
96%
Najlepszy bilans drużyny w Sezonie regularnym - 73-9 Golden State Warriors
85%
Najwięcej selekcji do All Star Game - 21 LeBron James
85%
Najwięcej punktów w jednej kwarcie - 37 Klay Thompson
70%
Najwięcej zbiórek w meczu - 55 Wilt Chamberlain
64%
Najwięcej trójek trafionych przez zawodnika w meczu - 14 Klay Thompson
49%
Najwięcej punktów trafionych przez drużynę w meczu 186
47%
Najwięcej asyst w meczu - 30 Scott Skiles
43%
Najwięcej trafionych rzutów wolnych w meczu (Wilt Chamberlain i Adrian Dantley) 28
40%
Najwięcej przechwytów w meczu (Larry Kenon i Kendall Gill) 11
38%
Najwięcej trafionych trójek przez drużynę w meczu 29
36%
Najwięcej bloków w meczu Elmore Smith
28%
Nie znaleziono quizów pasujących do podanych kryteriów
Rozkład punktacji
Procent ludzi z każdym wynikiem
Percentyl według liczby udzielonych odpowiedzi
Twoja historia wyników
Nie rozwiązałeś tego quizu